000 00581nam a2200205 a 4500
001 18792
003 VRT
005 20250707151850.0
008 240318suuuu xx 0 und c
035 _aSNK000329960
039 9 _a202403181838
_bVLOAD
_c201204021345
_dmsnk86
040 _aSNK
_bslo
_cSNK
_eAACR2
100 1 _a[Gnom]
_4aut
245 1 0 _aKliadba baníkova v Uhrach
260 _aBudapest
_b[s.n.]
_eBUdapest
_fJ. Ferenczy
300 _a8 s.
942 _2ddc
_cKLDE
_n0
949 _617A0217062
_asnkSD 2341/9
_bsnk161/30
999 _c18792
_d18792